|
|
|
|
| LEADER |
00000nam0a2200000 4500 |
| 001 |
308797 |
| 005 |
20231102002129.0 |
| 035 |
|
|
|a (RuTPU)RU\TPU\book\334118
|
| 090 |
|
|
|a 308797
|
| 100 |
|
|
|a 20151106d1981 km y0rusy50 ca
|
| 101 |
0 |
|
|a rus
|
| 102 |
|
|
|a RU
|
| 105 |
|
|
|a a z 001zy
|
| 200 |
1 |
|
|a Урал на всемирных выставках
|f Н. А. Мезенин
|
| 210 |
|
|
|a Свердловск
|c Средне-Уральское кн. изд-во
|d 1981
|
| 215 |
|
|
|a 160 с.
|c ил.
|
| 320 |
|
|
|a Библиогр.: с. 69
|
| 606 |
1 |
|
|a Урал
|x История
|2 stltpush
|3 (RuTPU)RU\TPU\subj\67137
|9 83020
|
| 606 |
1 |
|
|a Декоративно-прикладное искусство
|2 stltpush
|3 (RuTPU)RU\TPU\subj\9017
|9 36311
|
| 610 |
1 |
|
|a мастера
|
| 610 |
1 |
|
|a выставки
|
| 610 |
1 |
|
|a народные промыслы
|
| 610 |
1 |
|
|a промышленная продукция
|
| 610 |
1 |
|
|a 19 век
|
| 610 |
1 |
|
|a 20 век
|
| 610 |
1 |
|
|a Лондон
|
| 610 |
1 |
|
|a Париж
|
| 610 |
1 |
|
|a Вена
|
| 610 |
1 |
|
|a Чикаго
|
| 610 |
1 |
|
|a Брюссель
|
| 610 |
1 |
|
|a Монреаль
|
| 610 |
1 |
|
|a Осака
|
| 610 |
1 |
|
|a Окинава
|
| 675 |
|
|
|a 745
|v 4
|
| 686 |
|
|
|a Т3(235.55)
|v LBC/SL-A
|2 rubbk
|
| 700 |
|
1 |
|a Мезенин
|b Н. А.
|g Николай Александрович
|
| 801 |
|
1 |
|a RU
|b 63413507
|c 20151106
|
| 801 |
|
2 |
|a RU
|b 63413507
|c 20191023
|g RCR
|
| 942 |
|
|
|c BK
|